Bible Groups of Three - Statistics

General Stats
  • This quiz has been taken 573 times
    540 since last reset
  • The average score is 25 of 39
Answer Stats
Hint Answer % Correct
Most Mentioned Men David
95%
Most Mentioned Kings David
95%
Most Mentioned of Jesus' Twelve Disciples John
94%
Most Prolific Writers in the New Testament John (5 Books; 28,092 Words)
94%
Most Mentioned of Jesus' Twelve Disciples Simon Peter
91%
Most Mentioned Men Moses
90%
Most Prolific Writers in the Old Testament Moses (5 Books, 125,139 Words)
90%
Most Prolific Writers in the New Testament Paul (12 Books; 32,408 Words)
89%
Most Mentioned Men Jesus Christ
88%
Most Mentioned Metals Gold
87%
Most Mentioned Kings Solomon
87%
Notable Heads of Hair Mary (Washed Jesus' Feet)
86%
Most Mentioned Women Esther
82%
Most Mentioned Queens Esther
82%
Most Mentioned Sons of Jacob Joseph
79%
Most Mentioned Metals Silver
79%
Most Prolific Writers in the New Testament Luke (2 Books; 37,932 Words)
77%
Most Mentioned Kings Saul
71%
Most Mentioned Animals Sheep
71%
Notable Heads of Hair Samson (Wasn't ever supposed to cut it)
70%
Most Mentioned of Jesus' Twelve Disciples James
65%
Most Mentioned Sons of Jacob Benjamin
64%
Most Mentioned Prophets Jeremiah
58%
Most Prolific Writers in the Old Testament Jeremiah (2 Books; 35,306 Words)
58%
Most Mentioned Women Sarah
56%
Most Mentioned Animals Ox
55%
Most Mentioned Prophets Elijah
54%
Most Mentioned Sons of Jacob Judah
51%
Most Mentioned Prophets Samuel
50%
Most Mentioned Metals Bronze
47%
Most Mentioned Queens Jezebel
38%
Most Mentioned Animals Lion
37%
Most Mentioned Women Rachel
36%
Most Mentioned Precious Stone Sapphire
32%
Most Prolific Writers in the Old Testament Ezra (3 Books; 43,618 Words)
20%
Notable Heads of Hair Absalom (Caught in the branches of a tree)
15%
Most Mentioned Precious Stone Jasper
10%
Most Mentioned Queens Abigail
6%
Most Mentioned Precious Stone Beryl
4%
No matching quizzes found
Score Distribution
Percent of People with Each Score
Percentile by Number Answered
Your Score History
You have not taken this quiz since the last reset